000 01409 a2200229 4500
001 33765
005 20260407155628.0
008 260407a2012 arg spa d
003 AR-UNSa-BCEJYS
040 _aAR-UNSa-BCEJYS
_bspa
_cAR-UNSa-BCEJYS
080 _a373.5
_xEnseñanza Secundaria
245 1 0 _aClases en escuelas secundarias
_psaberes y procesos de aprendizaje, subjetivación y formación
020 _a978-987-538-348-7
264 1 _aBuenos Aires :
_bNoveduc
_c2012
300 _a407 p.
_c22 cm.
505 _a1. Formación, saberes y subjetivación. Conceptualizaciones teórico-epistemológicas de base - 2. Las clases escolares. De cómo se favorecen procesos de aprendizaje y subjetivación múltiples y diversos - 3. Los juegos del saber como escenario interferido. Saberes en movimiento, saberes inmovilizados (Caso 1) - 4. El encuentro en el saber de la profesora. El saber como medio y objeto de control (Caso 2) - 5. El reemplazo del saber escolar por charlas y juegos. El predominio de "El saber ausente" (Caso 3) - 6. Saberes en conflicto, sujetos enfrentados. Cuando la realidad de la clase no se corresponde con la realidad representada (Caso 4) -
041 _aspa
942 _cBK
590 _aniveau_biblio:m niveau_hierar:0
100 1 _aMastache, Anahí Viviana
856 4 1 _uhttps://biblioeco.unsa.edu.ar/pmb/images/libros/clases_esc_sec.jpg
_yImagen de portada
_qimage/jpeg
999 _c2391
_d2391